De profundis /

Guardat en:
Dades bibliogràfiques
Autor principal: Wilde, Oscar (Autor)
Format: Llibre
Idioma:italià
Publicat: Milano : Feltrinelli, 1981
Edició:5. ed
Etiquetes: Afegir etiqueta
Sense etiquetes, Sigues el primer a etiquetar aquest registre!

MARC

LEADER 00000nam a22000007i 4500
001 IT\ICCU\TO0\1310995
003 ItRI
005 20250817122604.0
008 040525s1981 it |||||| ||||| |||||c
040 |b ita  |c Arcigay Viterbo 
041 7 |a ita  |2 ISO-639-2 
100 1 |a Wilde, Oscar  |0 IT\ICCU\CFIV\000261  |4 aut 
245 1 0 |a De profundis /  |c Oscar Wilde ; introduzione di Jacques Barzun. 
250 |a 5. ed 
260 |a Milano :  |b Feltrinelli,  |c 1981 
300 |a XVIII, 129 p. ;  |c 18 cm. 
942 |2 ddc  |c BK  |n 0 
952 |0 0  |1 0  |2 ddc  |4 0  |6 823_800000000000000_WIL_DEP_1  |7 0  |9 9573  |a VT  |b VT  |d 2025-08-17  |e Donazione Maurizio Gregorini  |i B147  |l 0  |o 823.8 WIL DEP (1)  |p B147  |r 2025-08-17 12:27:03  |w 2025-08-17  |y BK  |z Donazione Maurizio Gregorini 
981 1 |6 z01  |a i   |b xxxe  
982 1 |6 z01  |a n 
999 |c 7984  |d 7984